000 00971nam a2200253 i 4500
001 bg
245 0 0 _a10 lat transformacji w Polsce :
_bfakty i opinie /
_c[kolegium red. Andrzej Zawiślak et al.].
246 1 _aDziesięć lat transformacji w Polsce
260 _aWarszawa :
_bOficyna Wydawnicza Warszawskiej Szkoły Zarządzania - Szkoły Wyższej,
_c1999.
300 _a188 s. :
_bil. ;
_c25 cm.
490 1 _aMateriały i Studia / Warszawska Szkoła Zarządzania - Szkoła Wyższa
650 9 _aTransformacja systemu społeczno-gospodarczego
_zPolska
655 _aMateriały konferencyjne
700 1 _aZawiślak, Andrzej Marek
_d(1937-).
_eRed.
830 0 _aMateriały i Studia - Warszawska Szkoła Zarządzania, Szkoła Wyższa
020 _a8390879140
040 _cBPK
041 0 _apol
044 _aPOL
080 _a338.24.021.8:316.422](438)"1989/..."(06)
920 _a83-908791-4-0
942 _cKS
008 100820s1999 pl a |000 0 pol
999 _c49621
_d49621
856 _uhttp://koha.tu.koszalin.pl/cgi-bin/koha/opac-detail.pl?biblionumber=49621
_yKatalog online BPK